[Event "NATO-ch 33rd"]
[Site "Portoroz"]
[Date "2023.09.08"]
[Round "7"]
[White "Helbig, Mark"]
[Black "Graczyk, Damian"]
[Result "1/2-1/2"]
[WhiteElo "2307"]
[BlackElo "2165"]
[PlyCount "96"]
[EventDate "2023.09.04"]
[EventType "swiss"]
[EventRounds "7"]
[EventCountry "SLO"]
[SourceTitle "CBM 216 Extra"]
[Source "ChessBase"]
[SourceDate "2023.11.30"]
[SourceVersion "1"]
[SourceVersionDate "2023.11.30"]
[SourceQuality "1"]

1. Nf3 Nf6 2. b3 b6 3. g3 Bb7 4. Bg2 e5 5. d3 d6 6. 0-0 g6 7. Bb2 Bg7 8. Nbd2 0-0 9. c4 c5 10. a3 Nc6 11. Rb1 Qc7 12. Ng5 Nd4 13. Nge4 Ne8 14. e3 Ne6 15. Nc3 Bxg2 16. Kxg2 Qb7+ 17. Qf3 Qxf3+ 18. Nxf3 f5 19. Nd5 Nf6 20. Nxf6+ Bxf6 21. Ng1 f4 22. Ne2 g5 23. g4 Bg7 24. Nc3 Rad8 25. Nd5 Rd7 26. b4 Nc7 27. Nxc7 Rxc7 28. e4 Kf7 29. Bc3 Ke6 30. Rb3 h5 31. h3 Rh8 32. gxh5 Bf6 33. f3 Rxh5 34. b5 Rb7 35. a4 Bd8 36. Ra3 Rh8 37. a5 Bc7 38. Rfa1 Kd7 39. axb6 axb6 40. Ra8 Rxa8 41. Rxa8 Rb8 42. Rxb8 Bxb8 43. h4 gxh4 44. Kh3 Bc7 45. Be1 Bd8 46. Bxh4 Bxh4 47. Kxh4 Ke7 48. Kg5 Kf7 1/2-1/2

[Event "NATO-ch 33rd"]
[Site "Portoroz"]
[Date "2023.09.05"]
[Round "3"]
[White "Cirkvencic, Franci"]
[Black "Graczyk, Damian"]
[Result "1-0"]
[WhiteElo "1946"]
[BlackElo "2165"]
[PlyCount "95"]
[EventDate "2023.09.04"]
[EventType "swiss"]
[EventRounds "7"]
[EventCountry "SLO"]
[SourceTitle "CBM 216 Extra"]
[Source "ChessBase"]
[SourceDate "2023.11.30"]
[SourceVersion "1"]
[SourceVersionDate "2023.11.30"]
[SourceQuality "1"]

1. d4 Nf6 2. Nf3 e6 3. c4 b6 4. Nc3 Bb7 5. a3 c5 6. d5 d6 7. e4 e5 8. g3 Be7 9. Bg2 0-0 10. 0-0 Nbd7 11. Re1 Kh8 12. Bd2 Ng8 13. Qc2 g6 14. Bh3 Ndf6 15. Qd3 Bc8 16. Qf1 Ng4 17. Bg2 f5 18. h3 N4h6 19. Nh2 fxe4 20. Nxe4 Nf5 21. Qd3 Nf6 22. Bc3 Nxe4 23. Bxe4 Bf6 24. b4 Bg7 25. Ra2 Nd4 26. Bxd4 cxd4 27. h4 Bf5 28. Rc2 Rc8 29. f3 Bh6 30. Ng4 Bxg4 31. fxg4 Be3+ 32. Kg2 Qd7 33. g5 Qg4 34. Rxe3 dxe3 35. Qxe3 Qd1 36. Rf2 Rxf2+ 37. Qxf2 Kg8 38. Bxg6 Rf8 39. Bxh7+ Kg7 40. Bf5 e4 41. g4 Qa1 42. h5 Qe5 43. h6+ Kh8 44. g6 Re8 45. g7+ Kg8 46. Be6+ Kh7 47. Qf5+ Kxh6 48. Qxe5 1-0

[Event "NATO-ch 32nd"]
[Site "Tartu"]
[Date "2022.07.01"]
[Round "7"]
[White "Graczyk, Damian"]
[Black "Nilsson, Erik"]
[Result "1-0"]
[WhiteElo "2151"]
[BlackElo "2002"]
[PlyCount "61"]
[EventDate "2022.06.27"]
[EventType "swiss"]
[EventRounds "7"]
[EventCountry "EST"]
[SourceTitle "CBM 209 Extra"]
[Source "ChessBase"]
[SourceDate "2022.09.30"]
[SourceVersion "1"]
[SourceVersionDate "2022.09.30"]
[SourceQuality "1"]

1. d4 d5 2. Nf3 Nf6 3. c4 e6 4. Nc3 c6 5. cxd5 exd5 6. Bg5 Be7 7. e3 Nbd7 8. Bd3 0-0 9. 0-0 h6 10. Bh4 Ne4 11. Bxe7 Qxe7 12. Qc2 f5 13. Rae1 Nd6 14. a4 a5 15. Ne2 Rf6 16. Ng3 Ne4 17. Nh4 Nf8 18. Nhxf5 Bxf5 19. Nxf5 Rxf5 20. f3 Re8 21. fxe4 Rxf1+ 22. Rxf1 dxe4 23. Bc4+ Kh7 24. Qf2 Nd7 25. Qf5+ Kh8 26. Qxa5 Rf8 27. Qc7 Rxf1+ 28. Bxf1 Qg5 29. Qxd7 Qxe3+ 30. Kh1 Qf2 31. Qe8+ 1-0

[Event "NATO-ch 32nd"]
[Site "Tartu"]
[Date "2022.06.29"]
[Round "4"]
[White "Nikomanis, Andreas"]
[Black "Graczyk, Damian"]
[Result "1/2-1/2"]
[WhiteElo "2068"]
[BlackElo "2151"]
[PlyCount "147"]
[EventDate "2022.06.27"]
[EventType "swiss"]
[EventRounds "7"]
[EventCountry "EST"]
[SourceTitle "CBM 209 Extra"]
[Source "ChessBase"]
[SourceDate "2022.09.30"]
[SourceVersion "1"]
[SourceVersionDate "2022.09.30"]
[SourceQuality "1"]

1. e4 d5 2. exd5 Qxd5 3. Nc3 Qd8 4. d4 Nf6 5. Nf3 Bg4 6. h3 Bxf3 7. Qxf3 c6 8. Be3 e6 9. Bd3 Nd5 10. 0-0 Nxc3 11. bxc3 Qd5 12. Qg3 Nd7 13. c4 Qd6 14. Qf3 Nf6 15. Rab1 Qd7 16. d5 exd5 17. cxd5 Nxd5 18. Bd4 f6 19. Rfe1+ Ne7 20. Bc5 b6 21. Bxe7 Bxe7 22. Rbd1 Qc7 23. Qh5+ Kf8 24. Re4 Rd8 25. Rde1 Rd7 26. Bc4 g6 27. Qe2 Bc5 28. Qf3 Kg7 29. Re6 Rf8 30. Rxc6 Qd8 31. Bd3 Rd6 32. h4 Rxc6 33. Qxc6 Qd4 34. Re2 Qxh4 35. a4 a5 36. Bb5 Qf4 37. Qd5 h5 38. Bc4 h4 39. Qd7+ Kh6 40. Qd2 Qxd2 41. Rxd2 Re8 42. Kf1 Kg5 43. Rd5+ f5 44. Bd3 Bb4 45. Be2 Re4 46. Rd1 Bc3 47. Bb5 Rb4 48. Ke2 Re4+ 49. Kd3 Rd4+ 50. Ke2 Rxd1 51. Kxd1 Kf4 52. Ke2 Bd4 53. Bc6 g5 54. Bb7 g4 55. Bc6 Bc5 56. Bb7 g3 57. fxg3+ Kxg3 58. c4 f4 59. Bf3 h3 60. gxh3 Kxh3 61. Bd5 Kg3 62. Bf3 Kh4 63. Bd5 Kg5 64. Kf3 Kf5 65. Bc6 Ke5 66. Be8 Be3 67. Bd7 Kd4 68. Bb5 Kc5 69. Ke4 Kb4 70. Kf3 Bc1 71. Ke4 Kc5 72. Kf3 Kd4 73. Ba6 Kc5 74. Bb5 1/2-1/2

[Event "NATO-ch 32nd"]
[Site "Tartu"]
[Date "2022.06.28"]
[Round "3"]
[White "Graczyk, Damian"]
[Black "Stein, Robert"]
[Result "0-1"]
[WhiteElo "2151"]
[BlackElo "2365"]
[PlyCount "112"]
[EventDate "2022.06.27"]
[EventType "swiss"]
[EventRounds "7"]
[EventCountry "EST"]
[SourceTitle "CBM 209 Extra"]
[Source "ChessBase"]
[SourceDate "2022.09.30"]
[SourceVersion "1"]
[SourceVersionDate "2022.09.30"]
[SourceQuality "1"]

1. d4 d5 2. Nf3 e6 3. c4 a6 4. cxd5 exd5 5. Nc3 h6 6. Bf4 Nf6 7. e3 Bd6 8. Bxd6 Qxd6 9. Qc2 0-0 10. Bd3 Bg4 11. Ne5 c5 12. Nxg4 Nxg4 13. dxc5 Qxc5 14. Ne2 Qd6 15. h3 Ne5 16. 0-0 Nbc6 17. a3 Rac8 18. Qd2 Rfd8 19. Rfd1 Qf6 20. Nd4 Nxd4 21. exd4 Nc6 22. Be2 Re8 23. Bf3 Nxd4 24. Qxd4 Re1+ 25. Kh2 Qxd4 26. Rxd4 Rxa1 27. Rxd5 Rac1 28. Rd7 b5 29. Bb7 Rb8 30. Bd5 Rc2 31. Rxf7 Kh8 32. Ra7 Rxb2 33. Rxa6 Rxf2 34. Ra5 Rc2 35. Be4 Rc3 36. Bf5 Rc7 37. Bd3 Rcb7 38. Be4 Rb6 39. Bf3 g6 40. h4 Kg7 41. Kg3 Kf6 42. h5 g5 43. Ra7 Ke5 44. Kg4 Rd8 45. Re7+ Kd4 46. Re1 Kc3 47. Rb1 Rd4+ 48. Kf5 Kc2 49. Re1 Kb2 50. Re7 Kxa3 51. Ke5 Rdd6 52. Bd5 b4 53. Be4 b3 54. Ra7+ Kb4 55. Rg7 Re6+ 56. Kf5 Rxe4 0-1

[Event "NATO-ch 31st"]
[Site "Blankenberge"]
[Date "2021.10.14"]
[Round "6.6"]
[White "Mestek, Igor"]
[Black "Graczyk, Damian"]
[Result "1/2-1/2"]
[WhiteElo "2114"]
[BlackElo "2170"]
[PlyCount "34"]
[EventDate "2021.10.11"]
[EventType "team-swiss"]
[EventRounds "7"]
[EventCountry "BEL"]
[SourceTitle "CBM 204 Extra"]
[Source "ChessBase"]
[SourceDate "2021.11.30"]
[SourceVersion "1"]
[SourceVersionDate "2021.11.30"]
[SourceQuality "1"]
[WhiteTeam "Slovenia"]
[BlackTeam "Poland"]
[WhiteTeamCountry "SLO"]
[BlackTeamCountry "POL"]

1. e4 c6 2. Nf3 d5 3. Nc3 Bg4 4. h3 Bxf3 5. Qxf3 e6 6. d4 Nf6 7. Bd3 Bb4 8. 0-0 Bxc3 9. bxc3 dxe4 10. Bxe4 Nxe4 11. Qxe4 0-0 12. Rb1 b6 13. c4 Qc8 14. Rb3 Nd7 15. Rg3 Re8 16. Bh6 g6 17. Rd1 Qc7 1/2-1/2

[Event "NATO-ch 31st"]
[Site "Blankenberge"]
[Date "2021.10.13"]
[Round "4.13"]
[White "Koopmeiners, Karl"]
[Black "Graczyk, Damian"]
[Result "0-1"]
[WhiteElo "1968"]
[BlackElo "2170"]
[PlyCount "64"]
[EventDate "2021.10.11"]
[EventType "team-swiss"]
[EventRounds "7"]
[EventCountry "BEL"]
[SourceTitle "CBM 204 Extra"]
[Source "ChessBase"]
[SourceDate "2021.11.30"]
[SourceVersion "1"]
[SourceVersionDate "2021.11.30"]
[SourceQuality "1"]
[WhiteTeam "NATO LTM"]
[BlackTeam "Poland"]
[BlackTeamCountry "POL"]

1. d4 Nf6 2. c4 b6 3. Nc3 Bb7 4. Qc2 d5 5. cxd5 Nxd5 6. e4 Nxc3 7. bxc3 g6 8. Nf3 Bg7 9. Bb5+ c6 10. Bd3 0-0 11. 0-0 Qc7 12. Be3 Nd7 13. Rad1 Rad8 14. h4 Nf6 15. Bd2 Bc8 16. e5 Ng4 17. h5 c5 18. hxg6 hxg6 19. Bg5 Be6 20. Rfe1 Rc8 21. Qe2 cxd4 22. cxd4 Bd5 23. Ba6 Rcd8 24. Rc1 Qd7 25. Bb5 Qe6 26. Rc7 Bxf3 27. gxf3 Rxd4 28. Rxe7 Qf5 29. Be3 Qh5 30. fxg4 Rxg4+ 31. Qxg4 Qxg4+ 32. Kf1 Qb4 0-1

[Event "NATO-ch 31st"]
[Site "Blankenberge"]
[Date "2021.10.12"]
[Round "3.17"]
[White "Graczyk, Damian"]
[Black "Farrell, John F"]
[Result "1-0"]
[WhiteElo "2170"]
[BlackElo "1934"]
[PlyCount "77"]
[EventDate "2021.10.11"]
[EventType "team-swiss"]
[EventRounds "7"]
[EventCountry "BEL"]
[SourceTitle "CBM 204 Extra"]
[Source "ChessBase"]
[SourceDate "2021.11.30"]
[SourceVersion "1"]
[SourceVersionDate "2021.11.30"]
[SourceQuality "1"]
[WhiteTeam "Poland"]
[BlackTeam "NATO LTM"]
[WhiteTeamCountry "POL"]

1. f4 e5 2. fxe5 d6 3. exd6 Bxd6 4. Nf3 g5 5. g3 g4 6. Nh4 Be7 7. Ng2 h5 8. d4 h4 9. Rg1 Nc6 10. c3 Nf6 11. Qd3 hxg3 12. hxg3 Qd5 13. Nf4 Qa5 14. Bg2 Bf5 15. e4 Bh7 16. Nd2 0-0-0 17. Nc4 Qa6 18. Nd2 Qa5 19. Qc4 Qb6 20. Qb3 Rhe8 21. Qxb6 axb6 22. Kf2 Bf8 23. e5 Nxe5 24. a4 Nd3+ 25. Nxd3 Bxd3 26. Bf1 Bg6 27. Nc4 Nd5 28. Be2 f5 29. Rh1 Bg7 30. Bg5 Rd7 31. Rae1 Rh8 32. Rxh8+ Bxh8 33. Bd3 Bf6 34. Bxf6 Nxf6 35. Re6 Rf7 36. Ne5 Ne4+ 37. Bxe4 fxe4+ 38. Nxf7 Bxf7 39. Rxe4 1-0

[Event "POL-chT 2nd League"]
[Site "Jastrzebia Gora"]
[Date "2018.09.02"]
[Round "3.4"]
[White "Graczyk, Damian"]
[Black "Sabuk, Piotr"]
[Result "0-1"]
[WhiteElo "2122"]
[BlackElo "2386"]
[PlyCount "44"]
[EventDate "2018.09.01"]
[EventType "team-swiss"]
[EventRounds "9"]
[EventCountry "POL"]
[SourceTitle "CBM 186 Extra"]
[Source "ChessBase"]
[SourceDate "2018.08.24"]
[SourceVersion "1"]
[SourceVersionDate "2018.08.24"]
[SourceQuality "1"]
[WhiteTeam "Minsk Mazowiecki MTSz"]
[BlackTeam "Plock Hetman"]
[WhiteTeamCountry "POL"]
[BlackTeamCountry "POL"]

1. d4 Nf6 2. Nf3 d5 3. g3 c5 4. dxc5 Nc6 5. c4 d4 6. Qa4 Bd7 7. Bg2 e5 8. b4 e4 9. Ng5 d3 10. b5 Bxc5 11. bxc6 Bxc6 12. Qb3 Qd4 13. Be3 d2+ 14. Kd1 Qxa1 15. Bxc5 0-0-0 16. e3 Qe5 17. Bxa7 Qxg5 18. Bd4 Ng4 19. Bh3 Qh5 20. Bxg4+ Qxg4+ 21. Kxd2 Rxd4+ 22. exd4 e3+ 0-1

[Event "POL-chT 2nd League"]
[Site "Jastrzebia Gora"]
[Date "2018.09.02"]
[Round "2.7"]
[White "Kulczyk, Pawel"]
[Black "Graczyk, Damian"]
[Result "1/2-1/2"]
[WhiteElo "2096"]
[BlackElo "2122"]
[PlyCount "132"]
[EventDate "2018.09.01"]
[EventType "team-swiss"]
[EventRounds "9"]
[EventCountry "POL"]
[SourceTitle "CBM 186 Extra"]
[Source "ChessBase"]
[SourceDate "2018.08.24"]
[SourceVersion "1"]
[SourceVersionDate "2018.08.24"]
[SourceQuality "1"]
[WhiteTeam "Bydgoszcz"]
[BlackTeam "Minsk Mazowiecki MTSz"]
[WhiteTeamCountry "POL"]
[BlackTeamCountry "POL"]

1. d4 Nf6 2. c4 e6 3. Nc3 Bb4 4. Qc2 0-0 5. Nf3 b6 6. a3 Bxc3+ 7. Qxc3 Bb7 8. Bg5 h6 9. Bh4 d6 10. e3 Nbd7 11. Bxf6 Qxf6 12. Be2 Rfe8 13. 0-0 e5 14. d5 Qg6 15. b4 f5 16. Qc2 Rf8 17. Rfd1 Qf6 18. Rac1 g5 19. Qa4 Rf7 20. c5 bxc5 21. Bb5 Nb6 22. Qb3 cxb4 23. axb4 g4 24. Ne1 e4 25. Bc6 Bxc6 26. Rxc6 f4 27. exf4 Qxf4 28. Rc2 a5 29. b5 a4 30. Qa2 Raf8 31. g3 Qe5 32. Ng2 h5 33. Nf4 Ra8 34. Re2 a3 35. Qb3 h4 36. Ra2 hxg3 37. hxg3 Rh7 38. Rxa3 Rxa3 39. Qxa3 Qh8 40. Kf1 Rh1+ 41. Ke2 Rxd1 42. Kxd1 Qd4+ 43. Ke1 Kf7 44. Qa7 Qc3+ 45. Kf1 Qc4+ 46. Kg1 e3 47. fxe3 Qc1+ 48. Kf2 Qd2+ 49. Ne2 Nxd5 50. e4 Nb4 51. Qxc7+ Kg6 52. Kf1 Qd1+ 53. Kf2 Qd2 54. Kf1 Nc2 55. Nf4+ Kh6 56. Qb6 Ne3+ 57. Kg1 Qd1+ 58. Kh2 Qd2+ 59. Kg1 Qe1+ 60. Kh2 Qf2+ 61. Kh1 Qf3+ 62. Kh2 Qf2+ 63. Kh1 Qf1+ 64. Kh2 Qf2+ 65. Kh1 Qe1+ 66. Kh2 Qf2+ 1/2-1/2

[Event "NATO-ch 29th"]
[Site "Lubbock"]
[Date "2018.06.08"]
[Round "7"]
[White "Nill, Oliver"]
[Black "Graczyk, Damian"]
[Result "1/2-1/2"]
[WhiteElo "2194"]
[BlackElo "2066"]
[PlyCount "92"]
[EventDate "2018.06.04"]
[EventType "swiss"]
[EventRounds "7"]
[EventCountry "USA"]
[SourceTitle "EXT 2019"]
[Source "ChessBase"]
[SourceDate "2018.10.10"]
[SourceVersion "1"]
[SourceVersionDate "2018.10.10"]
[SourceQuality "1"]

1. c4 e5 2. Nc3 Nc6 3. g3 f5 4. Bg2 Nf6 5. e3 d5 6. cxd5 Nb4 7. d3 Nfxd5 8. Nxd5 Nxd5 9. Nf3 Bd6 10. 0-0 Nf6 11. b4 Qe7 12. Bb2 0-0 13. a3 Kh8 14. Qc2 c6 15. Rfe1 a5 16. bxa5 Rxa5 17. a4 Nd5 18. Nd2 Nb4 19. Qb1 Be6 20. f4 exf4 21. exf4 Rfa8 22. Nf3 Qd7 23. Qd1 Bd5 24. Ng5 Bg8 25. Kh1 Be7 26. Nf3 Bf6 27. d4 c5 28. Ne5 Bxe5 29. Rxe5 c4 30. Rxa5 Rxa5 31. Qd2 Rxa4 32. Rxa4 Qxa4 33. Bxb7 Nd3 34. Bc3 Qb5 35. Bf3 Bd5 36. Kg2 Bxf3+ 37. Kxf3 Qd5+ 38. Ke2 Qh1 39. d5 Qxd5 40. Qe3 Qg2+ 41. Kd1 h6 42. Bxg7+ Kxg7 43. Qe7+ Kg6 44. Qe6+ Kg7 45. Qe7+ Kg6 46. Qe6+ Kg7 1/2-1/2

[Event "NATO-ch 29th"]
[Site "Lubbock"]
[Date "2018.06.07"]
[Round "5"]
[White "Graczyk, Damian"]
[Black "Pavlidou, Ekaterini"]
[Result "1-0"]
[WhiteElo "2066"]
[BlackElo "2157"]
[PlyCount "129"]
[EventDate "2018.06.04"]
[EventType "swiss"]
[EventRounds "7"]
[EventCountry "USA"]
[SourceTitle "EXT 2019"]
[Source "ChessBase"]
[SourceDate "2018.10.10"]
[SourceVersion "1"]
[SourceVersionDate "2018.10.10"]
[SourceQuality "1"]

1. d4 Nf6 2. c4 e6 3. Nf3 Bb4+ 4. Nbd2 c5 5. a3 Bxd2+ 6. Qxd2 cxd4 7. Nxd4 0-0 8. e3 a6 9. b4 d6 10. Bb2 Qe7 11. Bd3 b6 12. 0-0 Bb7 13. f3 Nbd7 14. Rac1 Rac8 15. Qe2 Ne5 16. Bb1 Qc7 17. Ba2 Rfe8 18. Rfd1 Qb8 19. Rd2 Re7 20. Rdc2 Rec7 21. e4 Ned7 22. Qf2 Ne5 23. Qe3 Qa7 24. Ne2 Nfd7 25. Kh1 a5 26. Nd4 Ba6 27. Qe2 Ng6 28. Qf2 Ne7 29. b5 Bb7 30. Qg3 Ng6 31. Ne2 d5 32. exd5 Bxd5 33. Nf4 Ndf8 34. h4 f6 35. Nxd5 exd5 36. h5 Ne7 37. Bxf6 Nf5 38. Qe5 Nh6 39. Qxd5+ Nf7 40. Bd4 Rd8 41. Qe4 Rcd7 42. Bf2 Rd1+ 43. Rxd1 Rxd1+ 44. Kh2 Qc7+ 45. g3 Qd7 46. c5 bxc5 47. Qc4 a4 48. Qxf7+ Qxf7 49. Bxf7+ Kxf7 50. Bxc5 Nd7 51. Bb4 Rd5 52. Rc7 Rxh5+ 53. Kg2 Ke6 54. Rc6+ Kf7 55. b6 Rb5 56. Rc7 Ke6 57. b7 h6 58. Kf2 h5 59. f4 g6 60. Ke3 Nb8 61. Kd4 Rd5+ 62. Kc4 Rd7 63. Rxd7 Kxd7 64. Kd5 Kc7 65. Bd6+ 1-0

[Event "NATO-ch 28th"]
[Site "Budapest"]
[Date "2017.03.28"]
[Round "2"]
[White "Drabke, Lorenz Maximilian"]
[Black "Graczyk, Damian"]
[Result "1-0"]
[WhiteElo "2466"]
[BlackElo "2106"]
[PlyCount "181"]
[EventDate "2017.03.27"]
[EventType "swiss"]
[EventRounds "7"]
[EventCountry "HUN"]
[SourceTitle "CBM 177 Extra"]
[Source "ChessBase"]
[SourceDate "2017.04.27"]
[SourceVersion "1"]
[SourceVersionDate "2017.04.27"]
[SourceQuality "1"]

1. e4 c6 2. d3 d5 3. Nd2 g6 4. Ngf3 Bg7 5. Qe2 d4 6. e5 c5 7. g3 Nc6 8. Bg2 Qc7 9. Nc4 b5 10. Nd6+ Kf8 11. Nxc8 Rxc8 12. e6 f6 13. Bf4 Qb6 14. 0-0 Nd8 15. c3 Nxe6 16. Bd2 Rd8 17. Rfe1 Nc7 18. cxd4 cxd4 19. Rac1 e5 20. Nxe5 fxe5 21. Rc6 Qb8 22. Qf3+ Ke8 23. Ba5 Ne7 24. Bxc7 Qb7 25. Rc5 Qxf3 26. Bxf3 Rd7 27. Bg4 Rd5 28. Rxd5 Nxd5 29. Bxe5 Bxe5 30. Rxe5+ Ne7 31. Rxb5 Kf7 32. Rb7 a5 33. b3 h5 34. Bf3 Kf6 35. Rb6+ Kf7 36. h4 Rc8 37. Be4 Rc2 38. a4 Rb2 39. Kg2 Nf5 40. Kf3 Ne7 41. Rb5 Kf6 42. Rxa5 Rxb3 43. Ra6+ Ke5 44. Kg2 Rb2 45. a5 Ra2 46. Rb6 Nf5 47. Rb5+ Kf6 48. Bxf5 gxf5 49. Kf3 Rd2 50. Rd5 Rxd3+ 51. Kf4 Rd2 52. f3 Ke6 53. Rxf5 Re2 54. a6 d3 55. Rf8 Ra2 56. Rd8 d2 57. a7 Rxa7 58. Rxd2 Rf7+ 59. Ke4 Rg7 60. Rg2 Rh7 61. Ra2 Rb7 62. Ra6+ Kf7 63. Rh6 Rb5 64. Kf4 Rb4+ 65. Ke3 Rb5 66. Rd6 Ra5 67. Rd4 Kf6 68. g4 hxg4 69. fxg4 Ra6 70. Kf4 Kg6 71. Rb4 Rf6+ 72. Kg3 Rc6 73. h5+ Kg7 74. Kh4 Kf6 75. Rf4+ Kg7 76. g5 Rc1 77. Kg4 Rg1+ 78. Kf5 Rg2 79. h6+ Kh7 80. Kf6 Rg1 81. Rf3 Rg2 82. Kf5 Rg1 83. Rf2 Rg3 84. Rd2 Rf3+ 85. Kg4 Rf7 86. Kh5 Rf8 87. g6+ Kg8 88. Rd5 Ra8 89. h7+ Kg7 90. Rd7+ Kh8 91. Kh6 1-0

[Event "NATO-ch 28th"]
[Site "Budapest"]
[Date "2017.03.28"]
[Round "3"]
[White "Graczyk, Damian"]
[Black "De Cat, Ben"]
[Result "1-0"]
[WhiteElo "2106"]
[BlackElo "1901"]
[PlyCount "53"]
[EventDate "2017.03.27"]
[EventType "swiss"]
[EventRounds "7"]
[EventCountry "HUN"]
[SourceTitle "CBM 177 Extra"]
[Source "ChessBase"]
[SourceDate "2017.04.27"]
[SourceVersion "1"]
[SourceVersionDate "2017.04.27"]
[SourceQuality "1"]

1. d4 Nf6 2. Nf3 d6 3. g3 Nbd7 4. Bg2 c6 5. 0-0 Qc7 6. c4 e5 7. Nc3 Be7 8. e4 h6 9. h3 g5 10. Ne1 Nf8 11. Nc2 Ng6 12. Ne3 Be6 13. d5 Bd7 14. Nf5 c5 15. Ng7+ Kf8 16. Nf5 a6 17. a4 Qc8 18. Qf3 Ne8 19. Nd1 Rh7 20. Nde3 Ng7 21. Bd2 Kg8 22. Ba5 Bf8 23. Ra3 Nxf5 24. exf5 Ne7 25. Ng4 Kh8 26. Nf6 Rg7 27. Nxd7 1-0

[Event "NATO-ch 27th"]
[Site "Shrivenham"]
[Date "2016.08.24"]
[Round "4"]
[White "Luca, Ionel"]
[Black "Graczyk, Damian"]
[Result "1-0"]
[WhiteElo "2050"]
[BlackElo "2132"]
[PlyCount "99"]
[EventDate "2016.08.22"]
[EventType "swiss"]
[EventRounds "7"]
[EventCountry "ENG"]
[SourceTitle "EXT 2018"]
[Source "ChessBase"]
[SourceDate "2017.10.13"]
[SourceVersion "1"]
[SourceVersionDate "2017.10.13"]
[SourceQuality "1"]

1. c4 e5 2. Nc3 Nc6 3. g3 f5 4. Bg2 Nf6 5. d3 Bb4 6. Bd2 Bxc3 7. Bxc3 d6 8. Nf3 0-0 9. 0-0 Qe8 10. c5 dxc5 11. e3 Kh8 12. Rc1 Bd7 13. Re1 Rd8 14. Qe2 b6 15. Nd2 Be6 16. d4 e4 17. dxc5 Nd5 18. cxb6 cxb6 19. f3 Nxc3 20. Rxc3 exf3 21. Nxf3 Bd5 22. Ng5 Bxg2 23. Qxg2 Ne5 24. Kh1 Nd3 25. Re2 Nf4 26. gxf4 Rd1+ 27. Qg1 Rxg1+ 28. Kxg1 h6 29. Nf3 Qh5 30. Kf2 Rd8 31. Rec2 g5 32. fxg5 hxg5 33. Kg3 f4+ 34. exf4 gxf4+ 35. Kf2 Qh3 36. Re2 Rg8 37. Ke1 Qf5 38. Kf2 Qb1 39. Rc6 Rg7 40. Rh6+ Kg8 41. Rd2 Re7 42. Rh4 Qf5 43. h3 Qc5+ 44. Kf1 Qe3 45. Rg4+ Kf8 46. Rf2 Rg7 47. Ng5 Rxg5 48. Rfxf4+ Kg7 49. Rxg5+ Kh6 50. Rgg4 1-0

[Event "NATO-ch 26th"]
[Site "Amsterdam"]
[Date "2015.07.09"]
[Round "5.23"]
[White "Graczyk, Damian"]
[Black "Giedraitis, Mingaudas"]
[Result "1-0"]
[WhiteElo "2065"]
[BlackElo "1775"]
[PlyCount "103"]
[EventDate "2015.07.06"]
[EventType "swiss"]
[EventRounds "7"]
[EventCountry "NED"]
[SourceTitle "EXT 2016"]
[Source "ChessBase"]
[SourceDate "2015.10.08"]
[SourceVersion "1"]
[SourceVersionDate "2015.10.08"]
[SourceQuality "1"]
[WhiteTeam "Poland"]
[BlackTeam "Lithuania"]
[WhiteTeamCountry "POL"]
[BlackTeamCountry "LTU"]

1. d4 Nf6 2. Nf3 e6 3. g3 d5 4. Bg2 c5 5. 0-0 cxd4 6. Nxd4 Nc6 7. c4 Be7 8. cxd5 Nxd4 9. Qxd4 exd5 10. Nc3 Be6 11. Qa4+ Qd7 12. Qxd7+ Kxd7 13. Rd1 Ke8 14. Bg5 Rc8 15. Bxf6 Bxf6 16. Nxd5 Bxd5 17. Bxd5 b6 18. Rd2 Ke7 19. Rad1 Rhd8 20. Kg2 h6 21. e4 Kf8 22. f4 Be7 23. Kf3 Bc5 24. h4 Ke7 25. g4 a5 26. g5 hxg5 27. hxg5 Bb4 28. Rg2 Rh8 29. g6 f6 30. e5 fxe5 31. fxe5 Rh5 32. a3 Bc5 33. Kf4 Rf8+ 34. Bf7 Rh4+ 35. Rg4 Rxg4+ 36. Kxg4 Rd8 37. Rh1 Be3 38. Rh7 Bh6 39. Kf5 Rd2 40. Rh8 Rd8 41. Rh7 Rd2 42. Bc4 Rf2+ 43. Ke4 Rg2 44. Bf7 Rd2 45. b3 b5 46. a4 bxa4 47. bxa4 Rd8 48. Bd5 Kf8 49. Rh8+ Ke7 50. Rxh6 Rb8 51. Rh7 Rb4+ 52. Kf5 1-0

[Event "NATO-ch 26th"]
[Site "Amsterdam"]
[Date "2015.07.07"]
[Round "3.10"]
[White "Graczyk, Damian"]
[Black "Rosenkilde, Alexander"]
[Result "1/2-1/2"]
[WhiteElo "2065"]
[BlackElo "2225"]
[PlyCount "57"]
[EventDate "2015.07.06"]
[EventType "swiss"]
[EventRounds "7"]
[EventCountry "NED"]
[SourceTitle "EXT 2016"]
[Source "ChessBase"]
[SourceDate "2015.10.08"]
[SourceVersion "1"]
[SourceVersionDate "2015.10.08"]
[SourceQuality "1"]
[WhiteTeam "Poland"]
[BlackTeam "Denmark"]
[WhiteTeamCountry "POL"]
[BlackTeamCountry "DEN"]

1. d4 Nf6 2. Nf3 e6 3. g3 d5 4. Bg2 b5 5. b3 Bb7 6. 0-0 Be7 7. c4 bxc4 8. bxc4 dxc4 9. Na3 0-0 10. Nxc4 c5 11. Bb2 Nbd7 12. Rc1 Bd5 13. Nfe5 Bxg2 14. Kxg2 Rc8 15. dxc5 Nxe5 16. Nxe5 Bxc5 17. Qxd8 Rfxd8 18. Nd3 Bb6 19. h3 Ne4 20. Rfd1 f6 21. f3 Nd6 22. Rxc8 Rxc8 23. Rc1 Rd8 24. Rc6 Kf7 25. Ba3 Nf5 26. Bc5 Nd4 27. Bxb6 Nxc6 28. Bxd8 Nxd8 29. Kf2 1/2-1/2

[Event "NATO-ch 25th"]
[Site "Quebec"]
[Date "2014.09.12"]
[Round "7"]
[White "Graczyk, Damian"]
[Black "Drabke, Lorenz Maximilian"]
[Result "0-1"]
[WhiteElo "2081"]
[BlackElo "2457"]
[PlyCount "102"]
[EventDate "2014.09.08"]
[EventType "team-swiss"]
[EventRounds "7"]
[EventCountry "CAN"]
[SourceTitle "EXT 2015"]
[Source "ChessBase"]
[SourceDate "2014.11.20"]
[SourceVersion "1"]
[SourceVersionDate "2014.11.20"]
[SourceQuality "1"]
[WhiteTeam "Poland"]
[BlackTeam "Germany"]
[WhiteTeamCountry "POL"]
[BlackTeamCountry "GER"]

1. d4 d5 2. Nf3 Nf6 3. g3 Bf5 4. Bg2 e6 5. Nh4 Bg4 6. h3 Bh5 7. g4 Nfd7 8. Nd2 Qxh4 9. Nf3 Qd8 10. gxh5 c6 11. e4 Nf6 12. Nd2 g6 13. hxg6 hxg6 14. e5 Nh5 15. Nf1 Qb6 16. Ng3 c5 17. Nxh5 Rxh5 18. Bf3 Rh4 19. c3 Nc6 20. Bg5 Rh7 21. Qe2 cxd4 22. Bf6 Be7 23. Bxe7 Kxe7 24. Rd1 dxc3 25. bxc3 Qc7 26. c4 Nxe5 27. Bxd5 exd5 28. Rxd5 Rh5 29. f4 Kf8 30. Rxe5 Rxe5 31. fxe5 Re8 32. 0-0 Rxe5 33. Qg4 Qc5+ 34. Kh1 Qe3 35. Qh4 Qe4+ 36. Qxe4 Rxe4 37. c5 Rc4 38. Rb1 Rxc5 39. Rxb7 Rc1+ 40. Kg2 Rc2+ 41. Kg3 Rxa2 42. Kf3 Kg7 43. Kg4 a5 44. Rb6 a4 45. Ra6 a3 46. Kh4 Ra1 47. Kg4 a2 48. Kh4 Kh6 49. Ra5 g5+ 50. Rxg5 Rb1 51. Rg1 Kh7 0-1